Podwójne połączone nazwy stolic - Statystyki

Ogólne statystyki
  • Ten quiz został rozwiązany 103 razy
  • Średni wynik to 30 z 40
Statystyki odpowiedzi
Podpowiedź Stolica % Poprawnych
Padyn / Lonryż Londyn
99%
Padyn / Lonryż Paryż
99%
Wissau / Naedeń Wiedeń
98%
Skoma / Lepje Skopje
93%
Baberra / Canku Canberra
92%
Asbona / Lizuncion Lizbona
91%
Monorica / Podgako Podgorica
91%
Wartiago / Sanszawa Warszawa
91%
Karana / Tibul Kabul
90%
Karana / Tibul Tirana
89%
Baberra / Canku Baku
88%
Monorica / Podgako Monako
88%
Wartiago / Sanszawa Santiago
88%
Wellgetown / Bridington Wellington
87%
Mińrab / Skat Mińsk
85%
Wissau / Naedeń Nassau
85%
Linila / Mama Lima
84%
Linila / Mama Manila
84%
Asbona / Lizuncion Asuncion
79%
Mińrab / Skat Rabat
76%
Masin / Pekkat Pekin
73%
Atlin / Berny Ateny
71%
Skoma / Lepje Male
70%
Tehelin / Randub Teheran
70%
Bejnoi / Harut Bejrut
69%
Paniów / Likirkiszy Kiszyniów
69%
Atlin / Berny Berlin
67%
Wellgetown / Bridington Bridgetown
67%
Bejnoi / Harut Hanoi
66%
Asir / Kamara Kair
65%
Masin / Pekkat Maskat
65%
Asir / Kamara Asmara
61%
Rycara / Gacas Caracas
60%
Tehelin / Randub Dublin
58%
Rycara / Gacas Ryga
56%
Bedo / Domarno Berno
52%
Paniów / Likirkiszy Palikir
49%
Krakon / Akakry Konakry
44%
Bedo / Domarno Dodoma
38%
Krakon / Akakry Akra
36%
Nie znaleziono quizów pasujących do podanych kryteriów
Rozkład punktacji
Procent ludzi z każdym wynikiem
Percentyl według liczby udzielonych odpowiedzi
Twoja historia wyników
Nie rozwiązałeś tego quizu